El arte de narrar /
Gespeichert in:
| 1. Verfasser: | |
|---|---|
| Format: | Unbekannt |
| Sprache: | Spanish |
| Veröffentlicht: |
Caracas, Venezuela :
Monte Avila Editores C. A.,
[fecha de publicación no identificada].
|
| Schlagworte: | |
| Tags: |
Tag hinzufügen
Keine Tags, Fügen Sie den ersten Tag hinzu!
|
MARC
| LEADER | 000000000a22000000004500 | ||
|---|---|---|---|
| 001 | 010743 | ||
| 041 | 0 | |a spa | |
| 082 | 0 | 4 | |a 808.3 |b R696a |
| 100 | 1 | |a Rodríguez Monegal, Emir | |
| 245 | 1 | 3 | |a El arte de narrar / |c Emir Rodríguez Monegal. |
| 260 | 1 | |a Caracas, Venezuela : |b Monte Avila Editores C. A., |c [fecha de publicación no identificada]. | |
| 300 | |a 293 páginas | ||
| 650 | 4 | |a NARRACION (RETORICA) | |
| 650 | 4 | |a DIALOGOS | |
| 999 | |c 16166 |d 16166 | ||
| 942 | |c BK |h 808.3 R696a |2 z | ||
